Vývoj periférnych modulov pre vývojovú dosku s mikroprocesorom Atmel – AVR II

Gespeichert in:
Bibliographische Detailangaben
1. Verfasser: Beňadik, Vladimír, 1988- (Verfasst von)
Weitere Verfasser: Brezovič, Zdenko, 1973- (Betreuung Doktorarbeit)
Format: Manuskript Buch
Sprache:Slowakisch
Veröffentlicht: Bratislava : STU v Bratislave FEI, 2012
Schlagworte:
Online-Zugang:VAIS
Tags: Tag hinzufügen
Keine Tags, Fügen Sie das erste Tag hinzu!

MARC

LEADER 00000ntm a22000003a 4500
001 stu250559
005 20150617230225.1
008 120717s2012----xo------------------slo-d
040 |a STU  |b slo 
041 0 |a slo 
044 |a xo 
100 1 |a Beňadik, Vladimír,  |d 1988-  |4 aut  |u E  |T FEI Fakulta elektrotechniky a informatiky  |X 51350  |U E  |Y 30  |7 A000051350 
242 0 0 |a Development and design of periphery module for evolutional board with microcontroller Atmel  |y eng 
245 1 |a Vývoj periférnych modulov pre vývojovú dosku s mikroprocesorom Atmel – AVR II 
260 |a Bratislava :  |b STU v Bratislave FEI,  |c 2012 
300 |a 32 s  |c CD-ROOM 
650 7 |a Electronics  |2 estusub 
700 1 |a Brezovič, Zdenko,  |d 1973-  |4 ths  |u E030  |U FEI Fakulta elektrotechniky a informatiky  |T FEI Ústav elektroniky a fotoniky  |X 1853  |U E030  |Y 549  |7 A000001853 
856 4 |a info a plný text  |u http://is.stuba.sk/zp/portal_zp.pl?podrobnosti=50704  |3 VAIS 
996 |b 284ER00820  |c E*Bc-820  |l EE33  |s P  |a 0  |w stu250559_0001